000 00447nam a22001577a 4500
082 _a331.2CRE
100 _aCREAMER, DANIEL
245 _aCHANGING LOCATION OF MANUFACTURING EMPLOYMENT
260 _aUNITED STATE
_bCOMMITTEE FOR ECONOMIC DEVELOPMENT
_c1972
300 _a152P
_bILL,:25CM
490 _aNO. 83
500 _aINCLUDES APPENDIX
650 _aCHANGING LOCATION OF MANUFACTURING EMPLOYMENT
700 _aCREAMER, DANIEL
942 _cBK
999 _c15055
_d15055